000 00712nam a2200241 i 4500
001 bg
100 1 _aGÓRALCZYK, Wojciech
245 1 0 _aPrawo międzynarodowe publiczne w zarysie /
_cWojciech Góralczyk.
250 _aWyd. 5 popr. i zm. /
_bprzez Stefana Sawickiego.
260 _aWarszawa :
_bWydawnictwa Prawnicze PWN,
_c1995.
300 _a430, [2] s. ;
_c24 cm.
504 _aBibliogr. s. 419-424.
650 9 _aPrawo międzynarodowe
655 _aPodręczniki akademickie
700 1 _aSAWICKI, Stefan.
_eOprac.
020 _a838670201X
040 _cBPK
041 0 _apol
080 _a341.1/.8(075.8)
920 _a83-86702-01-X
942 _cKS
008 s pl f |000 0 pol
999 _c30969
_d30969
856 _uhttp://koha.tu.koszalin.pl/cgi-bin/koha/opac-detail.pl?biblionumber=30969
_yKatalog online BPK